01410nab a2200217 i 4500001000400000003000400004005001700008008003900025040000800064041000800072044000800080080001700088100013200105245030200237260001000539500002100549520043900570650003101009650002901040773012301069BPPBPK20190610114322.0150323s2006 pl n f |000 0eng cBPK aeng aPOL a621.791/.795 aBORKOWSKI, Przemysław.d1996 - 2013.bPolitechnika Koszalińska - Centrum Niekonwencjonalnych Technologii Hydrostrumieniowych aBasis of three dimensional material forming using high-pressure abrasive-water jet controlled by virtual image luminance = Przestrzenne kształtowanie obiektu wysokociśnieniową strugą wodno-ścierną sterowaną luminacją obrazu wirtualnego /cPrzemysław Borkowski, Tomasz Żukocimski. c2006. aDane z autopsji. aW pracy omówiono podstawy przestrzennego kształtowania materiałów ceramicznych i skalnych metodą wierszowania przejść wysokociśnieniowej strugi wodno-ściernej w warunkach sprzężenia parametrów głębokości i prędkości posuwowej strugi. Opracowano urządzenia sterujące i algorytmy tego rodzaju odwzorowania, pozwalające na zmechanizowanie operacji rzeźbienia 3D różnych złożonych obiektów. 0aObróbka wodno-ścierna. 0aInżynieria powierzchni iW :tAdvances in Manufacturing Science and Technology = Postępy Technologii Maszyn. -gVol. 30, 2006, nr 1, s. 53-62